| 000 | 00953nam a22002417a 4500 | ||
|---|---|---|---|
| 999 |
_c3538 _d3538 |
||
| 003 | AR-CdUCM | ||
| 008 | 190306b ||||| |||| 00| 0 spa d | ||
| 040 |
_aMUNICIPALIDAD PROVINCIAL DEL CUSCO _cBIBLIOTECA MUNICIPAL DEL CUSCO |
||
| 041 | _heng | ||
| 082 |
_a320.17 / _bF84 |
||
| 100 |
_aFriedrich, Carl J. _911594 |
||
| 245 | _aEl interés público / | ||
| 260 |
_aMéxico : _bRoble, _c1967. |
||
| 300 |
_a276 páginas ; _c20 cm. |
||
| 440 |
_aColección. _n1 _911595 |
||
| 505 | _aContenido: El interés público y la utilidad privada -- Los fundamentos éticos del interés público -- El interés público y su meta última -- El interés público en el contexto de la ética política -- El contenido cambiante del interés público ... | ||
| 650 |
_aInterés público _911596 |
||
| 650 |
_aÉtica política _910773 |
||
| 650 |
_aIdeologías _91776 |
||
| 700 |
_aTancredi, Sonia (traducción) _911597 |
||
| 942 |
_2ddc _cLIBROS |
||
| 945 | _aachl | ||